000 00472nam a2200157 i 4500
001 101601
003 ES-MaACL
005 20230906182936.0
007 t|
008 051020s1958 sp ||||1| spa d
245 0 0 _aMeditaciones prácticas
_b: la vida de nuestro Jesucristo meditada para todos los días del año.
250 _a3ª ed.
260 _aMadrid :
_bHijos de Gregorio del Amo,
_c1958.
300 _a2 t. ;
_c15 cm.
852 _aES-MaACL
_jC-15290-1
_bR.42481
999 _c101601
_d101601